[Event "Rilton Cup"]
[Site "Stockholm"]
[Date "1978.??.??"]
[Round "7"]
[White "Mulder, Bart Piet"]
[Black "Sjoberg, Mats"]
[Result "1-0"]
[WhiteElo "2200"]
[BlackElo "2250"]

1.Nf3 Nf6 2.c4 g6 3.g3 Bg7 4.Bg2 O-O 5.O-O d6 6.Nc3 e5 7.d3 Nc6 8.Rb1 Nh5
9.b4 a5 10.b5 Ne7 11.Qb3 Rb8 12.b6 c6 13.Qa3 Ra8 14.Ne4 c5 15.Be3 Ra6 16.Nxd6 Nf5
17.Bxc5 Nxd6 18.Bxd6 Re8 19.c5 Bd7 20.Nd2 Qc8 21.c6 Bxc6 22.Rfc1 e4 23.Bxe4  1-0

[Event "SWE-ch"]
[Site "SWE"]
[Date "1978.??.??"]
[Round "?"]
[White "Renman, Nils Gustaf"]
[Black "Fridh, Anton"]
[Result "1-0"]
[WhiteElo "2400"]
[BlackElo "2285"]

1.Nf3 Nf6 2.c4 g6 3.g3 Bg7 4.Bg2 O-O 5.d4 d6 6.O-O Nc6 7.Nc3 Nd7 8.e3 e5
9.d5 Ne7 10.Bd2 h6 11.Ne1 f5 12.Nd3 Nf6 13.Qb3 b6 14.c5 Kh8 15.cxd6 cxd6
16.Rac1 Ba6 17.Nb5 Qd7 18.Nc7 Bxd3 19.Qxd3 Rac8 20.Ne6 Rxc1 21.Rxc1 Rc8 22.Rxc8+ Qxc8
23.e4 fxe4 24.Bxe4 Nxe4 25.Qxe4 Qb7 26.Qh4 Nf5 27.Qd8+ Kh7 28.Nc7 a5 29.g4 Nd4
30.Be3 Nf3+ 31.Kg2 Ne1+ 32.Kh3 Nc2 33.Qxd6 Nxe3 34.fxe3 Qc8 35.Qe7  1-0

[Event "SWE-ch"]
[Site "SWE"]
[Date "1978.??.??"]
[Round "?"]
[White "Renman, Nils Gustaf"]
[Black "Hammar, Bengt"]
[Result "1-0"]
[WhiteElo "2400"]
[BlackElo "2385"]

1.Nf3 Nf6 2.c4 g6 3.g3 Bg7 4.Bg2 O-O 5.O-O c5 6.d4 Nc6 7.dxc5 Qa5 8.Na3 Qxc5
9.Be3 Qb4 10.Rb1 d6 11.Bd2 Qc5 12.h3 Ne4 13.b4 Qf5 14.g4 Qf6 15.Nb5 Nxd2
16.Qxd2 Rb8 17.Rb3 Rd8 18.g5 Qe6 19.Nc7 Qd7 20.Nd5 b5 21.cxb5 Rxb5 22.a4 Rb8
23.b5 Ne5 24.Nxe5 Bxe5 25.Rc1 Qe8 26.Qe3 Rd7 27.Nc7 Qd8 28.Qxa7 Bb7 29.Na6 Rc8
30.Rxc8 Qxc8 31.Qb8 Bxa6 32.bxa6 Qxb8 33.Rxb8+ Kg7 34.Rb7 Rxb7 35.axb7 d5
36.Bxd5 f6 37.h4 fxg5 38.hxg5 h6 39.Kg2 hxg5 40.Kf3 Kf6 41.Ke4 g4 42.Kd3 e6
43.a5 exd5 44.a6 Bb8 45.Kd4 Ke6 46.Kc5 g3 47.fxg3 Bxg3 48.Kc6 Bb8 49.Kb6  1-0

[Event "SWE-ch"]
[Site "SWE"]
[Date "1978.??.??"]
[Round "?"]
[White "Renman, Nils Gustaf"]
[Black "Ornstein, Axel"]
[Result "1/2-1/2"]
[WhiteElo "2400"]
[BlackElo "2425"]

1.Nf3 Nf6 2.c4 g6 3.g3 Bg7 4.Bg2 O-O 5.d4 d6 6.O-O Nbd7 7.Qc2 e5 8.Rd1 c6
9.dxe5 dxe5 10.Nxe5 Qe7 11.Nxd7 Bxd7 12.e4 Ng4 13.h3 Ne5 14.f4 Rad8 15.fxe5 Bxe5
16.Bf4 Bxh3 17.Nc3 Bg4 18.Rxd8 Rxd8 19.Bxe5 Qxe5 20.Qf2 Rd3 21.Rf1 Be6 22.Nd5 Qxg3
23.Qxg3 Rxg3 24.Kf2 Rd3 25.Ke2 Rg3 26.Kf2  1/2-1/2

[Event "Vilnius"]
[Site "Vilnius"]
[Date "1978.??.??"]
[Round "8"]
[White "Mikenas, Vladas"]
[Black "Dvorietzky, Mark I"]
[Result "1/2-1/2"]
[WhiteElo "2205"]
[BlackElo "2525"]

1.Nf3 Nf6 2.c4 g6 3.g3 Bg7 4.Bg2 O-O 5.O-O d6 6.Nc3 e5 7.d4 Nc6 8.b3 exd4
9.Nxd4 Nxd4 10.Qxd4 Ne4 11.Qxe4 Bxc3 12.Rb1 Bf5 13.Qf3 Bg7 14.e4 Bd7 15.Qd3 Re8
16.Bf4 a5 17.Rfe1 Bc6 18.Rbd1 Qf6 19.h4 Qc3 20.Qxc3 Bxc3 21.Re3 Be5 22.Bh6 Re7
23.Red3 Bb2 24.f3 b6 25.Bh3 Rae8 26.Rb1 Be5 27.Kf2 Bg7 28.Bxg7 Kxg7 29.Rb2 Re5
30.a3 f5 31.exf5 gxf5 32.Bf1 a4 33.b4 Re1 34.Rc3 Kf6 35.Re2 R8xe2+ 36.Bxe2 Ra1
37.Ke3 Ke5 38.Bd3 Bxf3 39.Bxf5 Kxf5 40.Kxf3 h5 41.Rd3 Rc1  1/2-1/2

[Event "URS-ch U26"]
[Site "Vilnius"]
[Date "1978.??.??"]
[Round "11"]
[White "Petrosian, Arshak B"]
[Black "Chekhov, Valery A"]
[Result "0-1"]
[WhiteElo "2415"]
[BlackElo "2470"]

1.Nf3 Nf6 2.c4 g6 3.g3 Bg7 4.Bg2 O-O 5.O-O c6 6.d4 d6 7.b3 a6 8.Bb2 b5 9.Nbd2 Nbd7
10.Qc2 Bb7 11.e4 Ne8 12.Rad1 Qb6 13.Rfe1 Nc7 14.e5 dxe5 15.c5 Qa7 16.dxe5 Rad8
17.Ne4 Ne6 18.b4 Bc8 19.a4 bxa4 20.Qxa4 Qb8 21.Qxc6 Qxb4 22.Bc3 Bb7 23.Qxe6 Qxe4
24.Qxd7 Rxd7 25.Rxd7 Qc4 26.Rxb7 Qxc3 27.Rxe7 Qxc5 28.Rb7 Re8 29.Ng5 Rxe5
30.Rxe5 Bxe5 31.Nxf7 Qc1+ 32.Bf1 Bd4 33.Nd6  0-1

[Event "Zamardi"]
[Site "Zamardi"]
[Date "1978.??.??"]
[Round "?"]
[White "Marosi, Gyorgy"]
[Black "Portisch, Ferenc"]
[Result "1/2-1/2"]
[WhiteElo "2380"]
[BlackElo "2450"]

1.Nf3 Nf6 2.c4 g6 3.g3 Bg7 4.Bg2 O-O 5.O-O d6 6.d4 Nbd7 7.Nc3 e5 8.e4 Re8
9.Re1 c6 10.h3 a5 11.Qc2 exd4 12.Nxd4 d5 13.cxd5 Nxd5 14.Nxd5 cxd5 15.Be3 dxe4
16.Nb5  1/2-1/2

[Event "Zamardi"]
[Site "Zamardi"]
[Date "1978.??.??"]
[Round "?"]
[White "Szell, Lajos"]
[Black "Marosi, Gyorgy"]
[Result "1/2-1/2"]
[WhiteElo "2435"]
[BlackElo "2380"]

1.Nf3 Nf6 2.g3 g6 3.c4 Bg7 4.Bg2 O-O 5.Nc3 c5 6.d3 Nc6 7.Bd2 d6 8.Rb1 Rb8
9.O-O Ne8 10.Ne1 Nc7 11.Nc2 Bd7 12.b4 cxb4 13.Nxb4 Nxb4 14.Rxb4 b5 15.cxb5 Nxb5
16.Nxb5 Rxb5  1/2-1/2

[Event "HUN-ch"]
[Site "Budapest"]
[Date "1979.??.??"]
[Round "6"]
[White "Vadasz, Laszlo"]
[Black "Schneider, Attila"]
[Result "1-0"]
[WhiteElo "2490"]
[BlackElo "2320"]

1.Nf3 Nf6 2.c4 g6 3.g3 Bg7 4.Bg2 O-O 5.O-O c5 6.Nc3 Nc6 7.d4 d6 8.d5 Na5
9.Nd2 e5 10.b3 Ng4 11.h3 Nh6 12.e4 f5 13.exf5 gxf5 14.Bb2 Bd7 15.Qc2 a6 16.Ne2 b5
17.Bc3 b4 18.Bb2 Nb7 19.a4 Qe7 20.Rae1 Rae8 21.Nf4 Nd8 22.Nf3 Bc8 23.Nh5 Bh8
24.Qd2 f4 25.Nxf4 Qg7 26.Ne6 Bxe6 27.dxe6 Rxe6 28.Ng5 Rg6 29.Bd5+ Nhf7 30.f4 Qh6
31.h4 Bf6 32.Rf3 Qg7 33.fxe5 Bxg5 34.hxg5 Rxg5 35.e6  1-0

[Event "HUN-ch"]
[Site "Budapest"]
[Date "1979.??.??"]
[Round "8"]
[White "Vadasz, Laszlo"]
[Black "Hazai, Laszlo"]
[Result "0-1"]
[WhiteElo "2490"]
[BlackElo "2420"]

1.Nf3 Nf6 2.c4 g6 3.g3 Bg7 4.Bg2 O-O 5.O-O d6 6.d4 Nbd7 7.Nc3 e5 8.e4 c6
9.Rb1 a6 10.h3 Qe7 11.b3 b5 12.Re1 b4 13.Na4 c5 14.d5 Ne8 15.Nb2 h6 16.Nd3 Qd8
17.Be3 f5 18.Nd2 Nef6 19.f4 Nh5 20.exf5 Nxg3 21.fxg6 e4 22.Nxe4 Nxe4 23.Bxe4 Nf6
24.Bg2 Bf5 25.Bf2 Bxg6 26.Re6 Bf5 27.Qf3 Ra7 28.Rbe1 Bxd3 29.Qxd3 Nh5 30.f5 Nf4
31.Qe4 Nxe6 32.dxe6 Bf6 33.Rd1 Rg7 34.Qd5 Kh7 35.Kh1 Be7 36.Be4 Kh8 37.Bg1 Qe8
38.Bf3 Rg5 39.Be4 Qh5 40.Qd3 Qh4 41.Bh2 Rfg8 42.f6 Bxf6 43.Qf3 Be5 44.Bxe5+ Rxe5
45.Bd5 Re1+  0-1

[Event "HUN-ch"]
[Site "Budapest"]
[Date "1979.??.??"]
[Round "10"]
[White "Vadasz, Laszlo"]
[Black "Csom, Istvan"]
[Result "0-1"]
[WhiteElo "2490"]
[BlackElo "2510"]

1.Nf3 Nf6 2.c4 g6 3.g3 Bg7 4.Bg2 O-O 5.O-O d6 6.d4 Nc6 7.Nc3 a6 8.Bd2 e5
9.d5 Nd4 10.Ne1 b5 11.e3 Nf5 12.cxb5 axb5 13.Nc2 Bd7 14.Qe2 Qb8 15.Nb4 Qb7
16.a3 Rfe8 17.Rac1 e4 18.Rfd1 Re5 19.Be1 Ne7 20.h3 h5 21.Qc2 Qc8 22.Nxe4 Nxe4
23.Bxe4 Bxh3 24.Bc3 Qg4 25.Bh1 Nf5 26.Nd3 Nxg3 27.Nxe5 Nxh1+ 28.Kxh1 Qh4
29.Qe4  0-1

[Event "Lloyds Bank op"]
[Site "London"]
[Date "1979.??.??"]
[Round "5"]
[White "Burger, Karl"]
[Black "Norris, Alan J"]
[Result "0-1"]
[WhiteElo "2365"]
[BlackElo "2200"]

1.Nf3 Nf6 2.c4 g6 3.g3 Bg7 4.Bg2 O-O 5.O-O d6 6.d4 Nbd7 7.Nc3 e5 8.e4 exd4
9.Nxd4 Re8 10.Re1 a5 11.h3 Nc5 12.Qc2 c6 13.Bf4 Be6 14.Nxe6 Nxe6 15.Be3 Qe7
16.Rad1 Nd7 17.f4 Nec5 18.Bf2 a4 19.Bd4 Bf8 20.Kh2 h5 21.Qf2 Ne6 22.Be3 Bg7
23.Nb1 h4 24.gxh4 Bf6 25.Qd2 Bxh4 26.Re2 Nf6 27.Bf3 Nc5 28.Bxc5 dxc5 29.e5 Rad8
30.Qc2 Nh7 31.Qxa4 Rd4 32.Rxd4 cxd4 33.Qd1 Qc5 34.Qd3 Nf8 35.Bg4 g5 36.Nd2 gxf4
37.Ne4 Qxe5 38.Nf6+ Bxf6 39.Rxe5 Rxe5 40.Qb3 Re7 41.Bc8 Ng6 42.Bxb7 Re3 43.Qa4 d3
44.Bxc6 Re2+ 45.Kg1 d2 46.Bf3 Re1+ 47.Kh2 Nh4 48.Bh5 Bd4 49.Bxf7+ Kg7  0-1

[Event "Lone Pine op"]
[Site "Lone Pine"]
[Date "1979.??.??"]
[Round "6"]
[White "Weinstein, Norman"]
[Black "Wilder, Michael"]
[Result "1-0"]
[WhiteElo "2465"]
[BlackElo "2255"]

1.c4 Nf6 2.Nf3 g6 3.g3 Bg7 4.Bg2 O-O 5.O-O d6 6.Nc3 e5 7.d3 Re8 8.Rb1 Nc6
9.b4 a6 10.a4 Nd4 11.Nd2 c6 12.Bb2 d5 13.e3 Ne6 14.cxd5 cxd5 15.e4 d4 16.Nd5 h5
17.Nxf6+ Qxf6 18.Kh1 Bf8 19.Nc4 Ng5 20.f4 exf4 21.gxf4 Nh7 22.Qd2 b5 23.e5 Qh4
24.axb5 axb5 25.Bxa8 bxc4 26.Bxd4 Qd8 27.dxc4 Be6 28.Bg2 Bxc4 29.Rfd1 Bb5
30.Ra1 Qh4 31.Bf2 Qg4 32.h3 Qf5 33.Qd5 Rb8 34.Ba7 Rc8 35.Qxb5 Rc2 36.Qd3 Qc8
37.Bc5 Rb2 38.Ra8  1-0

[Event "Lone Pine op"]
[Site "Lone Pine"]
[Date "1979.??.??"]
[Round "9"]
[White "Rind, Bruce"]
[Black "Wilder, Michael"]
[Result "1-0"]
[WhiteElo "2410"]
[BlackElo "2255"]

1.c4 Nf6 2.Nf3 g6 3.g3 Bg7 4.Bg2 O-O 5.O-O d6 6.d4 Nc6 7.Nc3 a6 8.d5 Na5
9.Nd2 c5 10.Qc2 e6 11.dxe6 Bxe6 12.b3 Rc8 13.Bb2 Nc6 14.Nde4 Nxe4 15.Nxe4 Nd4
16.Qd2 d5 17.e3 dxe4 18.exd4 cxd4 19.Bxe4 Qd7 20.Rad1 Rcd8 21.Qb4 f5 22.Bg2 Rf7
23.Rfe1 f4 24.Qb6 f3 25.Qxe6 Qxe6 26.Rxe6 fxg2 27.Kxg2 Rc7 28.Ba3 d3 29.Rd6 Rcd7
30.R1xd3  1-0

[Event "Marshall op"]
[Site "New York"]
[Date "1979.??.??"]
[Round "2"]
[White "Shahade, Michael"]
[Black "Biyiasas, Peter"]
[Result "1/2-1/2"]
[WhiteElo "2340"]
[BlackElo "2485"]

1.c4 Nf6 2.Nf3 g6 3.g3 Bg7 4.Bg2 O-O 5.O-O d6 6.d4 Nbd7 7.Nc3 e5 8.e4 c6
9.Re1 Qb6 10.h3 Re8 11.Re2 Qb4 12.Rc2 exd4 13.Nxd4 Nc5 14.Bd2 Qb6 15.Be3 Qc7
16.f3 a5 17.Bf2 a4 18.Rb1 Nfd7 19.b4 axb3 20.axb3 Ne5 21.Rd2 h5 22.f4 Ned7
23.b4 Ne6 24.Nde2 Bf8 25.Qb3 Ng7 26.Ra2 Rxa2 27.Qxa2 Ne6 28.Qa7 Bg7 29.Rc1 Qd8
30.Rd1 Qe7 31.b5 h4 32.gxh4 Nxf4 33.Nxf4 Bxc3 34.bxc6 bxc6 35.Qc7 Be5 36.Nd3 Bf6
37.Qxc6 Ne5 38.Nxe5 Bxe5 39.c5 dxc5 40.Bxc5 Qe6  1/2-1/2

[Event "CSR-ch"]
[Site "Trencianske Teplice"]
[Date "1979.??.??"]
[Round "10"]
[White "Smejkal, Jan"]
[Black "Vokac, Marek"]
[Result "1-0"]
[WhiteElo "2560"]
[BlackElo "2330"]

1.c4 Nf6 2.Nf3 g6 3.g3 Bg7 4.Bg2 O-O 5.d4 d6 6.O-O Nc6 7.Nc3 a6 8.b3 Rb8
9.Bb2 b5 10.cxb5 axb5 11.Rc1 b4 12.Nb1 Bd7 13.Ne1 Na7 14.Nd3 c6 15.e4 Qa5
16.Nd2 Bg4 17.Qc2 Rfc8 18.Nc4 Qd8 19.Qd2 d5 20.exd5 Nxd5 21.Nce5 Bf5 22.Rc5 Be6
23.Rfc1 Qb6 24.Nc4 Qd8 25.Nce5 Qb6 26.h4 h5 27.Kh2 Kh7 28.Be4 Nf6 29.Bg2 Nd5
30.Qe2 Qa6 31.Ba1 Bxe5 32.dxe5 Bg4 33.Qd2 Bf5 34.Bf1 Qb7 35.Nf4 Nxf4 36.Qxf4 Qd7
37.Bc4 Rd8 38.e6 Qd6 39.Qxd6 exd6 40.Ra5 Nb5 41.Bf6 Re8 42.exf7 Rf8 43.Be7 d5
44.Bxf8 Rxf8 45.Bxb5 cxb5 46.Rc7 d4 47.Ra8 Kg7 48.Rxf8 Kxf8 49.Rb7 Bc2 50.Rxb5 d3
51.Rd5 Kxf7  1-0

[Event "Tirnavia-A"]
[Site "Trnava"]
[Date "1979.??.??"]
[Round "2"]
[White "Kovacs, Laszlo M"]
[Black "Banas, Jan"]
[Result "0-1"]
[WhiteElo "2430"]
[BlackElo "2395"]

1.Nf3 Nf6 2.g3 g6 3.c4 Bg7 4.Bg2 O-O 5.Nc3 d5 6.d4 dxc4 7.Qa4 Nfd7 8.Qxc4 Nb6
9.Qb3 Nc6 10.e3 Be6 11.Qd1 Bc4 12.b3 Ba6 13.Ba3 Re8 14.Rc1 e5 15.d5 Nd4 16.Ng1 Qd7
17.Ne4 Nxd5 18.Nc5 Qd6 19.Bxd5 Qxd5 20.f3 Bh6 21.Kf2 Be2 22.Ne4 Qxe4 23.fxe4 Bxd1
24.Rxd1 Bxe3+ 25.Kxe3 Nc2+ 26.Ke2 Nxa3 27.Rd7 Nb5 28.Nf3 Rad8 29.Rxd8 Rxd8
30.Rc1 c6 31.Nxe5 Re8 32.Nd7 Rxe4+ 33.Kf2 Rd4 34.Nc5 b6 35.a4 Nc7 36.Nb7 c5
37.a5 Ne6 38.axb6 axb6 39.Ra1 Rd7 40.Ra8+ Kg7 41.Rb8 Nd4 42.Nd8 Nxb3 43.Rxb6 Rxd8
44.Rxb3 Rd2+  0-1

[Event "Tirnavia-A"]
[Site "Trnava"]
[Date "1979.??.??"]
[Round "3"]
[White "Vadasz, Laszlo"]
[Black "Moehring, Guenther"]
[Result "1/2-1/2"]
[WhiteElo "2490"]
[BlackElo "2400"]

1.Nf3 Nf6 2.c4 g6 3.g3 Bg7 4.Bg2 O-O 5.O-O c6 6.d4 d5 7.Qb3 Qb6 8.Nc3 Na6
9.cxd5 Qxb3 10.axb3 Nxd5 11.Nxd5 cxd5 12.Ra5 e6 13.Bd2 Nb8 14.e3 Nc6 15.Ra2 Bd7
16.Ne1 Ne7 17.Bb4 Rfe8 18.Nd3 Bb5 19.Rd1 Nc6 20.Bc3 Bxd3 21.Rxd3 Red8 22.Rd1 a6
23.Bf1 Bf8 24.Rda1 Rac8 25.Ra4 Nb8 26.b4 b5 27.R4a3 Rd6 28.Bd3 Bg7 29.Kf1 h5
30.h3 Bf6 31.Ke2 Kg7 32.f4 Rcd8 33.Kf3 Be7 34.Be1 Rc6 35.Bc3 Rcd6 36.g4 hxg4+
37.hxg4 Rh8 38.g5 Rdd8 39.Rg1 Rh3+ 40.Rg3 Rh1 41.Rg2 Rd6 42.Rc2 Rc6 43.Kg2 Rd1
44.Be2 Rb1 45.Rd2 Bd6 46.Bd3 Rc1 47.Rf2 Rb6 48.Bd2 Rd1 49.Ra2 Rc6 50.b3 Bxb4
51.Bxb5 Bxd2 52.Bxc6 Bxe3 53.Rf3 Bxd4 54.Ba4 Rg1+ 55.Kh3 Rc1 56.Rd3 Bc5 57.Kg4 Bd6
58.Rh2 Rg1+ 59.Rg3 Rf1 60.Rf3 Rg1+ 61.Rg3 Rf1 62.Rf3  1/2-1/2

[Event "Tirnavia-A"]
[Site "Trnava"]
[Date "1979.??.??"]
[Round "6"]
[White "Vadasz, Laszlo"]
[Black "Banas, Jan"]
[Result "1/2-1/2"]
[WhiteElo "2490"]
[BlackElo "2395"]

1.Nf3 Nf6 2.c4 g6 3.g3 Bg7 4.Bg2 O-O 5.O-O d5 6.d4 dxc4 7.Na3 Nc6 8.Nxc4 Be6
9.b3 Bd5 10.Bb2 a5 11.Rc1 a4 12.bxa4 Ra6 13.a3 Qa8 14.a5 Rc8 15.Ne3 Be4 16.Bh3 Rd8
17.Ng5 Rxa5 18.Nxe4 Nxe4 19.Qc2 Bxd4 20.Bg2 Nf6  1/2-1/2

[Event "Tirnavia-A"]
[Site "Trnava"]
[Date "1979.??.??"]
[Round "8"]
[White "Vadasz, Laszlo"]
[Black "Pavlov, Mircea"]
[Result "1-0"]
[WhiteElo "2490"]
[BlackElo "2410"]

1.Nf3 Nf6 2.c4 g6 3.g3 Bg7 4.Bg2 O-O 5.O-O d5 6.cxd5 Nxd5 7.d4 Nc6 8.Nc3 Nb6
9.e3 e5 10.d5 Ne7 11.e4 Bg4 12.a4 c6 13.a5 Nc4 14.Qa4 b5 15.Qb4 cxd5 16.exd5 a6
17.Nd2 Qd6 18.Na2 Qxb4 19.Nxb4 Nd6 20.h3 Bc8 21.Nb3 Nef5 22.Bd2 Re8 23.Rfe1 Nc4
24.Bc3 Nfd6 25.Nc5 e4 26.Bxg7 Kxg7 27.b3 Ne5 28.Nxe4 Nxe4 29.Rxe4 Bxh3 30.Rae1 Bxg2
31.Kxg2 f6 32.f4  1-0

[Event "URS Spartakiad"]
[Site "URS"]
[Date "1979.??.??"]
[Round "?"]
[White "Vooremaa, Andres"]
[Black "Geller, Efim P"]
[Result "1-0"]
[WhiteElo "2395"]
[BlackElo "2550"]

1.Nf3 Nf6 2.c4 g6 3.g3 Bg7 4.Bg2 O-O 5.O-O d6 6.Nc3 e5 7.d3 c6 8.Bd2 Re8
9.Qc2 d5 10.cxd5 cxd5 11.e4 d4 12.Nb5 Nc6 13.b4 Bf8 14.Qb2 a6 15.Na3 b5 16.Nc2 Nd7
17.Ng5 h6 18.Nh3 Nb6 19.Qc1 Kh7 20.f4 exf4 21.gxf4 f5 22.Nf2 Bb7 23.Qd1 Qd7
24.h4 Bd6 25.Qf3 Rg8 26.Qh3 Raf8 27.a3 Na4 28.Rae1 Be7 29.Re2 Qd8 30.h5 Bh4
31.Ne1 Nc3 32.Bxc3 dxc3 33.Nf3 Bf6 34.hxg6+ Rxg6 35.exf5 Rxg2+ 36.Qxg2 Rg8
37.Ng4 h5 38.Nxf6+ Qxf6 39.Ng5+ Rxg5 40.fxg5 Qd4+ 41.Rff2 Qxd3 42.g6+ Kh6
43.g7  1-0

[Event "URS Spartakiad"]
[Site "URS"]
[Date "1979.??.??"]
[Round "?"]
[White "Petrosian, Arshak B"]
[Black "Dydyshko, Viacheslav"]
[Result "1/2-1/2"]
[WhiteElo "2430"]
[BlackElo "2200"]

1.Nf3 Nf6 2.c4 g6 3.g3 Bg7 4.Bg2 O-O 5.d4 d6 6.O-O Nbd7 7.Nc3 e5 8.h3 c6
9.e4 Qb6 10.d5 Nc5 11.Qe2 cxd5 12.cxd5 Bd7 13.Be3 Ne8 14.Rab1 a5 15.Nd2 Nc7
16.Rfe1 N7a6 17.a3 a4 18.b4 axb3 19.Nxb3 Qxb3 20.Rxb3 Nxb3 21.Rb1  1/2-1/2

[Event "URS Spartakiad"]
[Site "URS"]
[Date "1979.??.??"]
[Round "?"]
[White "Sturua, Zurab"]
[Black "Hasanov, Marat"]
[Result "1/2-1/2"]
[WhiteElo "2395"]
[BlackElo "2200"]

1.Nf3 Nf6 2.c4 g6 3.g3 Bg7 4.Bg2 O-O 5.O-O d6 6.d4 Nc6 7.Nc3 a6 8.h3 Rb8
9.e4 b5 10.cxb5 axb5 11.Re1 Nd7 12.Bg5 h6 13.Be3 Na5 14.b3 b4 15.Na4 Nf6
16.Nd2 c6 17.Rc1 Bd7 18.Kh2 Rb5 19.Bf3 Nh7 20.Nb2 Ng5 21.Be2 Rb7 22.h4 Ne6
23.Nf3 c5 24.Nc4 Nxc4 25.Bxc4 cxd4 26.Nxd4 Nc5 27.h5 g5 28.Qf3 e6 29.Rcd1 Qb6
30.Nc2 Qc7 31.Bd4 Bxd4 32.Rxd4 Kg7 33.Red1 Rb6 34.Ne3 Bc6 35.Qg4 Bxe4 36.Qe2 d5
37.Qb2 dxc4 38.Rxc4+ f6 39.Qd4 Rc6 40.Rxc5 Rxc5 41.Qxe4 Qf7 42.g4 Rb8 43.Nc4 Kf8
44.Rd6 Rc7 45.Qxe6 Qxe6 46.Rxe6 Ra8 47.Kg2 Rxa2 48.Nd6 Rd7 49.Re8+ Kg7 50.Nf5+ Kh7
51.Rb8 Rdd2 52.Rb7+ Kh8 53.Rb8+  1/2-1/2

[Event "FRG-ch"]
[Site "Bad Neuenahr"]
[Date "1980.??.??"]
[Round "?"]
[White "Feustel, Bernd"]
[Black "Bastian, Herbert"]
[Result "1/2-1/2"]
[WhiteElo "2305"]
[BlackElo "2310"]

1.Nf3 g6 2.c4 Bg7 3.g3 Nf6 4.Bg2 O-O 5.O-O c6 6.b3 d6 7.Bb2 Qa5 8.d3 Qh5
9.Nbd2 Bh3 10.Qc1 Nbd7 11.Rd1 Rac8 12.Ne4 h6 13.Rb1 Ng4 14.Bxg7 Kxg7 15.Qc3+ Kg8
16.Ned2 f5 17.Nf1 f4 18.gxf4 Bxg2 19.Kxg2 Rxf4 20.Ng3 Qc5 21.d4 Qa3 22.h3 Ngf6
23.e3 Rxf3 24.Kxf3 Rf8 25.Kg2 h5 26.Qc2 Kg7 27.b4 h4 28.Ne2 g5 29.Rb3 Qa6
30.f4 d5 31.fxg5 Ne4 32.Nf4 Rf5 33.b5 Qa4 34.cxd5 cxd5 35.Kh2 Qc4 36.Rc1 Qa4
37.Rb2 Qa3 38.Qb3 Qd6 39.Qb4 Qb8 40.Kh1 Rxf4 41.exf4 Qxf4 42.Qxe7+ Kg6 43.Qe6+ Kxg5
44.Rg1+ Ng3+ 45.Kh2 Qxd4 46.Qg4+ Qxg4 47.hxg4 Kxg4 48.Rb4+ Kg5 49.Ra4 Ne5
50.Kh3 Nf3 51.Rxg3+ hxg3 52.Kxg3 Ne5 53.Rxa7 b6 54.Rb7 Nc4 55.Rd7 Kf5 56.Rxd5+ Ke4
57.Rd8 Na3 58.Rb8 Nc4 59.a4 Kd4 60.Kf4 Nb2 61.Rxb6 Nxa4 62.Ra6 Nc5 63.Rd6+ Kc4
64.b6 Kb5 65.Ke5 Nb7 66.Re6 Kc5 67.Kf6 Nd8 68.Re8 Nb7 69.Re6 Nd8 70.Ke7 Nxe6
71.b7 Nd4 72.Kd7 Nc6 73.Kc7 Kb5 74.b8=Q+ Nxb8 75.Kxb8  1/2-1/2

[Event "Berlin tt"]
[Site "Berlin-West"]
[Date "1980.??.??"]
[Round "?"]
[White "Trauth, Michael"]
[Black "Pergericht, Daniel"]
[Result "1-0"]
[WhiteElo "2200"]
[BlackElo "2200"]

1.Nf3 Nf6 2.c4 g6 3.g3 Bg7 4.Bg2 O-O 5.Nc3 d6 6.Rb1 a5 7.a3 Nc6 8.b4 axb4
9.axb4 e5 10.d3 h6 11.b5 Ne7 12.Nd2 c6 13.Qb3 Be6 14.Ba3 Qc7 15.O-O Ne8 16.Ra1 f5
17.Bb4 Nf6 18.Rxa8 Rxa8 19.bxc6 bxc6 20.Nb5 Qd7 21.Bxd6 Rc8 22.Bxe7 cxb5
23.Bxf6 bxc4 24.Nxc4 Bxf6 25.Qa3 Bxc4 26.dxc4 Rxc4 27.Qa6 Qf7 28.Qa8+ Kh7
29.Bd5 Rc8 30.Qxc8 Qxd5 31.Rc1 Bg7 32.Qe8 Qa2 33.e3 Qg8 34.Qxg8+ Kxg8 35.Rc7 Bf6
36.Kf1 Kf8 37.Ke2 Be7 38.e4 Kf7 39.f3 fxe4 40.fxe4 h5 41.Kd3 Ke6 42.Kc4  1-0

[Event "HUN-ch"]
[Site "Budapest"]
[Date "1980.??.??"]
[Round "?"]
[White "Vadasz, Laszlo"]
[Black "Pirisi, Gabor"]
[Result "1/2-1/2"]
[WhiteElo "2500"]
[BlackElo "2290"]

1.Nf3 Nf6 2.c4 g6 3.g3 Bg7 4.Bg2 O-O 5.O-O d6 6.d4 c5 7.Nc3 Nc6 8.d5 Na5
9.Nd2 e5 10.e4 Ng4 11.h3 Nh6 12.b3 f5 13.exf5 gxf5 14.Bb2 a6 15.Ne2 b5 16.Qc2 Bd7
17.Bc3 b4 18.Bb2 Nb7 19.a3 a5 20.Nf3 a4 21.Nd2 axb3 22.Qxb3 Ba4 23.Qe3 Nf7
24.Qd3 Nh8 25.h4 Qe7 26.Bh3 Bd7 27.Qc2 bxa3 28.Rxa3 Rxa3 29.Bxa3 Ng6 30.Bb2  1/2-1/2

[Event "Budapest"]
[Site "Budapest"]
[Date "1980.??.??"]
[Round "?"]
[White "Szekely, Peter"]
[Black "Uhlmann, Wolfgang"]
[Result "1/2-1/2"]
[WhiteElo "2210"]
[BlackElo "2510"]

1.Nf3 Nf6 2.c4 g6 3.g3 Bg7 4.Bg2 O-O 5.d4 c6 6.Nc3 d5 7.cxd5 cxd5 8.Ne5 e6
9.O-O Nfd7 10.Nf3 Nc6 11.b3 a6 12.e4 Nf6 13.e5 Ne4 14.Bb2  1/2-1/2

[Event "Buenos Aires"]
[Site "Buenos Aires"]
[Date "1980.??.??"]
[Round "?"]
[White "Olafsson, Fridrik"]
[Black "Najdorf, Miguel"]
[Result "1/2-1/2"]
[WhiteElo "2545"]
[BlackElo "2510"]

1.c4 Nf6 2.g3 g6 3.Bg2 Bg7 4.Nf3 O-O 5.O-O d6 6.d4 Nbd7 7.Qc2 e5 8.Rd1 Re8
9.e4 c6 10.Nc3 a5 11.h3 a4 12.Rb1 Qa5 13.b4 axb3 14.axb3 exd4 15.Nxd4 Qc7
16.Bf4 Bf8 17.Rd2 Nh5 18.Be3 Ng7 19.f4 f5 20.Bf2 Nf6 21.Re2 fxe4 22.Nxe4 Nxe4
23.Rxe4 Rxe4 24.Qxe4 Bd7  1/2-1/2

[Event "Politiken Cup"]
[Site "Copenhagen"]
[Date "1980.??.??"]
[Round "1"]
[White "Fuglsang, Flemming"]
[Black "Jacobsen, Bo"]
[Result "1/2-1/2"]
[WhiteElo "2205"]
[BlackElo "2370"]

1.Nf3 Nf6 2.c4 g6 3.g3 Bg7 4.Bg2 O-O 5.O-O Nc6 6.Nc3 e5 7.d3 Re8 8.e4 a6
9.Rb1 Rb8 10.b4 b5 11.a3 d6 12.h3 bxc4 13.dxc4 Nd4 14.Bg5 h6 15.Nxd4 exd4
16.Bxf6 Bxf6 17.Ne2 c5 18.Nf4 Bg7 19.Qd3 Bd7 20.Kh2 Be5 21.Nd5 Bc6 22.f4 Bg7
23.bxc5 dxc5 24.e5 Bd7 25.Be4 Qa5 26.Bxg6 fxg6 27.Qxg6 Qd2+ 28.Kh1 Bxh3 29.Nf6+  1/2-1/2

[Event "Copenhagen-ch"]
[Site "Copenhagen"]
[Date "1980.??.??"]
[Round "2"]
[White "Hvenekilde, Jorgen"]
[Black "Hoi, Carsten"]
[Result "1-0"]
[WhiteElo "2235"]
[BlackElo "2410"]

1.c4 Nf6 2.Nf3 g6 3.g3 Bg7 4.Bg2 O-O 5.O-O d6 6.d4 Nc6 7.Nc3 e5 8.d5 Ne7
9.e4 Ne8 10.Ne1 f5 11.Nd3 Nf6 12.f3 c5 13.Bd2 h6 14.Rb1 g5 15.b4 b6 16.bxc5 bxc5
17.Qa4 f4 18.Ne2 Qd7 19.Qa3 h5 20.gxf4 gxf4 21.Nf2 Kh8 22.Kh1 Nh7 23.Bh3 Qe8
24.Rg1 Bf6 25.Bxc8 Qxc8 26.Rg2 Bh4 27.Rbg1 Qd7 28.Bc3 Bf6 29.Qc1 Rg8 30.Nd3 Rxg2
31.Rxg2 Rg8 32.Rxg8+ Kxg8 33.Qb2 Kg7 34.Ng1 Nc8 35.Qb5 Nf8 36.a4 Nb6 37.Nb2 Bh4
38.a5 Na8 39.Qb8 Nc7 40.Qxa7 Bf2 41.Nd3 Bxg1 42.Kxg1 Ng6 43.Be1 Kh6 44.Bf2 h4
45.a6 h3 46.Ne1 Nf8 47.Qb8 Nh7 48.a7 Ng5 49.Qxc7 Nxf3+ 50.Nxf3 Qg4+ 51.Kf1 Qxf3
52.Qxd6+ Kh7 53.Qe7+ Kg6 54.Qe6+ Kh7 55.Qf7+ Kh6 56.Qf6+ Kh7 57.Qh4+ Kg7
58.a8=Q  1-0

[Event "Politiken Cup"]
[Site "Copenhagen"]
[Date "1980.??.??"]
[Round "8"]
[White "Mikhalchishin, Adrian"]
[Black "Fedder, Steen"]
[Result "1-0"]
[WhiteElo "2490"]
[BlackElo "2410"]

1.Nf3 Nf6 2.c4 g6 3.g3 Bg7 4.Bg2 O-O 5.d4 c5 6.O-O cxd4 7.Nxd4 Nc6 8.Nc3 Qa5
9.Nb3 Qh5 10.Nd5 d6 11.Nf4 Qe5 12.Nd3 Qe6 13.Qc2 Ne5 14.Na5 Qf5 15.Bd2 Ne4
16.Nxe5 Nxd2 17.Qxd2 Qxe5 18.b4 Bg4 19.Rac1 Qh5 20.Rfe1 Bh6 21.f4 Bg7 22.Nxb7 Rac8
23.c5 dxc5 24.bxc5 Bh3 25.Bf3 Bg4 26.Bg2 Bh3 27.Bf3 Bg4 28.Bxg4 Qxg4 29.Qd5 h5
30.Rc4 h4 31.Kf2 Rc7 32.c6 hxg3+ 33.hxg3 e5 34.fxe5 Qf5+ 35.Rf4 Qh5 36.Kg2 Bxe5
37.Re4 Bc3 38.Qxh5 gxh5 39.Rh1 Rxc6 40.Rxh5 Rb8 41.Nc5 Rg6 42.Nd3 Kf8 43.Rc5 Ba1
44.Rc1 Bg7 45.Rc7 a5 46.Nf4 Rg5 47.Ree7 Rf5 48.e4 Rf6 49.e5 Rf5 50.e6 Be5
51.Rxf7+ Rxf7 52.Rxf7+ Kg8 53.Ng6 Bg7  1-0

[Event "Copenhagen-ch"]
[Site "Copenhagen"]
[Date "1980.??.??"]
[Round "9"]
[White "Hvenekilde, Jorgen"]
[Black "Poulsen, Allan"]
[Result "1/2-1/2"]
[WhiteElo "2235"]
[BlackElo "2350"]

1.Nf3 Nf6 2.c4 g6 3.g3 Bg7 4.Bg2 O-O 5.O-O d5 6.d4 Nc6 7.cxd5 Nxd5 8.e4 Nb6
9.d5 Na5 10.Nc3 c6 11.Re1 Nac4 12.a4 a5 13.Qe2 e6 14.Bg5 Qd6 15.e5 Qb4 16.dxc6 bxc6
17.Bf6 Nd5 18.Bxg7 Kxg7 19.Rab1 Rb8 20.Nxd5 cxd5 21.b3 Na3 22.Rb2 Qc3 23.Qd2 Rxb3
24.Rxb3 Qxb3 25.Qxa5 Nc2 26.Rc1 Bd7 27.Qc7 Bxa4 28.Ng5 d4 29.Rxc2 Qxc2 30.Nxe6+ Kg8
31.Qxc2 Bxc2 32.Nxf8 Kxf8 33.Kf1 Ke7 34.Bd5 f6 35.f4 fxe5 36.fxe5 Bf5 37.Kf2 Be6
38.Bb7 Bg4 39.Bd5 Be6 40.Bb7 Bc4 41.Kf3  1/2-1/2

[Event "Fyn"]
[Site "DEN"]
[Date "1980.??.??"]
[Round "?"]
[White "Knudsen, Per"]
[Black "Morris, Walter D"]
[Result "1/2-1/2"]
[WhiteElo "2360"]
[BlackElo "2380"]

1.Nf3 Nf6 2.c4 g6 3.g3 Bg7 4.Bg2 O-O 5.d4 d6 6.Nc3 Nc6 7.d5 Na5 8.b3 c5 9.Bb2 a6
10.O-O Rb8 11.Nd2 b5 12.Qc2 bxc4 13.bxc4 Bh6 14.f4 e5 15.Rae1 exf4 16.gxf4 Nh5
17.e3 Bg4 18.Bf3 Bxf3 19.Rxf3 f5 20.Nd1 Re8 21.Ref1 Nf6 22.Nf2 Bg7 23.Bc3 Nb7
24.e4 fxe4 25.Nfxe4 Nxe4 26.Nxe4 Bxc3 27.Rxc3 Qe7 28.Ng5 Nd8 29.Qg2 Qg7 30.Rc2 h6
31.Nf3 Nf7 32.Nh4 Kh7 33.Kh1 Qf6 34.Rg1 Rg8 35.Qg4 Rbe8 36.Rcg2 Nh8 37.f5 g5
38.Nf3 Nf7 39.h4 Rg7 40.Nxg5+ Nxg5 41.Qh5  1/2-1/2